Countries Beginning with A - Statistics

General Stats
  • This quiz has been taken 26 times
  • The average score is 9 of 11
Answer Stats
Letter Answer % Correct
Letter A Argentina
96%
Letter A Australia
96%
Letter A Albania
92%
Letter A Austria
88%
Letter A Azerbaijan
88%
Letter A Algeria
84%
Letter A Angola
84%
Letter A Antigua And Barbuda
80%
Letter A Armenia
80%
Letter A Afghanistan
76%
Letter A Andorra
76%
No matching quizzes found
Score Distribution
Percent of People with Each Score
Percentile by Number Answered
Your Score History
You have not taken this quiz